[Event "Corsica Masters op 15th"]
[Site "Bastia"]
[Date "2011.10.22"]
[Round "1"]
[White "Skouvaklis, Alexis"]
[Black "Jones, Gawain C B"]
[Result "0-1"]
[WhiteElo "2072"]
[BlackElo "2624"]
[PlyCount "108"]
[EventDate "2011.10.22"]
[EventType "swiss"]
[EventRounds "9"]
[EventCountry "FRA"]
[SourceTitle "EXT 2012"]
[Source "ChessBase"]
[SourceDate "2011.11.24"]
[SourceVersion "1"]
[SourceVersionDate "2011.11.24"]
[SourceQuality "1"]

1. e4 c5 2. Nf3 d6 3. d4 cxd4 4. Nxd4 Nf6 5. Nc3 g6 6. Be3 Bg7 7. f3 Nc6 8. Qd2 0-0 9. g4 Be6 10. 0-0-0 Nxd4 11. Bxd4 Qa5 12. a3 Rab8 13. g5 Nh5 14. Nd5 Qxd2+ 15. Rxd2 Bxd5 16. exd5 Bxd4 17. Rxd4 f6 18. f4 fxg5 19. fxg5 Rf4 20. Rxf4 Nxf4 21. h4 Rc8 22. Bh3 Rc5 23. Bg4 Rxd5 24. Rf1 Rd4 25. Bf3 d5 26. c3 Rd3 27. Kc2 e5 28. c4 dxc4 29. Bxb7 Rd7 30. Ba6 Ng2 31. Bxc4+ Kg7 32. Kc3 Nxh4 33. Rf6 Re7 34. b4 e4 35. Re6 Rxe6 36. Bxe6 Nf3 37. b5 Nxg5 38. Bc4 Kf6 39. Kd4 Ke7 40. a4 Kd6 41. a5 h5 42. Bd5 Kc7 43. Ke3 h4 44. Kf4 h3 45. Kg3 e3 46. Bh1 h2 47. Kg2 Ne4 48. Kf3 e2 49. Kxe2 Ng3+ 50. Kf2 Nxh1+ 51. Kg2 Nf2 52. b6+ axb6 53. axb6+ Kxb6 54. Kxh2 Ne4 0-1

[Event "EU-ch U16"]
[Site "Albena"]
[Date "2011.09.13"]
[Round "3"]
[White "Skouvaklis, Alexis"]
[Black "Iskandarov, Misratdin"]
[Result "0-1"]
[WhiteElo "2072"]
[BlackElo "2300"]
[PlyCount "64"]
[EventDate "2011.09.11"]
[EventType "swiss"]
[EventRounds "9"]
[EventCountry "BUL"]
[SourceTitle "CBM 144 Extra"]
[Source "ChessBase"]
[SourceDate "2011.10.28"]
[SourceVersion "1"]
[SourceVersionDate "2011.10.28"]
[SourceQuality "1"]

1. e4 c5 2. Nf3 Nc6 3. Bb5 g6 4. Bxc6 bxc6 5. 0-0 Bg7 6. h3 Nh6 7. d3 0-0 8. Re1 f5 9. e5 Nf7 10. Na3 d5 11. Bf4 Be6 12. Qc1 h6 13. h4 Kh7 14. Nb1 d4 15. c4 dxc3 16. Qxc3 Bd5 17. Nbd2 e6 18. Be3 g5 19. Bxc5 Rg8 20. Qa3 g4 21. Be7 Bf8 22. Bxd8 Bxa3 23. bxa3 gxf3 24. Bf6 Rxg2+ 25. Kh1 Rxf2 26. Rg1 Rg8 27. Rxg8 Kxg8 28. Nc4 Rxa2 29. Rf1 Re2 30. Nd6 Nxe5 31. Rg1+ Ng4 32. Ne4 Rh2# 0-1

[Event "EU-ch U16"]
[Site "Albena"]
[Date "2011.09.12"]
[Round "2"]
[White "Drozdowski, Kacper"]
[Black "Skouvaklis, Alexis"]
[Result "1/2-1/2"]
[WhiteElo "2306"]
[BlackElo "2072"]
[PlyCount "64"]
[EventDate "2011.09.11"]
[EventType "swiss"]
[EventRounds "9"]
[EventCountry "BUL"]
[SourceTitle "CBM 144 Extra"]
[Source "ChessBase"]
[SourceDate "2011.10.28"]
[SourceVersion "1"]
[SourceVersionDate "2011.10.28"]
[SourceQuality "1"]

1. e4 c5 2. Nf3 d6 3. d4 cxd4 4. Nxd4 Nf6 5. Nc3 a6 6. Bc4 e6 7. Bb3 Nbd7 8. Bg5 Nc5 9. f4 Be7 10. Qf3 Qc7 11. 0-0-0 b5 12. Bxf6 gxf6 13. f5 Nxb3+ 14. axb3 b4 15. fxe6 bxc3 16. e5 dxe5 17. Qxa8 cxb2+ 18. Kb1 exd4 19. Rxd4 Qb7 20. Qxb7 Bxb7 21. exf7+ Kxf7 22. Rd2 Rg8 23. Rg1 f5 24. Rf1 Be4 25. Kxb2 Ke6 26. Ra1 Bf6+ 27. c3 Bb7 28. g3 Rc8 29. Rd3 Rc5 30. Re3+ Re5 31. Rxe5+ Bxe5 32. Ra4 h5 1/2-1/2

[Event "Isthmia op 1st"]
[Site "Vrachati"]
[Date "2011.08.19"]
[Round "2"]
[White "Skouvaklis, Alexis"]
[Black "Habesis, Panayotis"]
[Result "1-0"]
[WhiteElo "2084"]
[BlackElo "1760"]
[PlyCount "79"]
[EventDate "2011.08.18"]
[EventType "swiss"]
[EventRounds "9"]
[EventCountry "GRE"]
[SourceTitle "CBM 144 Extra"]
[Source "ChessBase"]
[SourceDate "2011.10.28"]
[SourceVersion "1"]
[SourceVersionDate "2011.10.28"]
[SourceQuality "1"]

1. e4 e5 2. Nf3 Nc6 3. Bb5 a6 4. Ba4 Nf6 5. 0-0 b5 6. Bb3 Be7 7. Re1 d6 8. c3 Na5 9. Bc2 c5 10. h3 0-0 11. d4 Qc7 12. Nbd2 Re8 13. Nf1 g6 14. b3 Bf8 15. d5 c4 16. b4 Nb7 17. a4 Bd7 18. Ng3 a5 19. Be3 Reb8 20. Qe2 axb4 21. cxb4 bxa4 22. Ra3 Ra6 23. Nd2 Bb5 24. Nb1 Nd8 25. Nc3 Qb7 26. Rb1 Rba8 27. Qd1 Qd7 28. Rba1 Qb7 29. Qb1 Qd7 30. Nge2 Nh5 31. Nxb5 Qxb5 32. Nc3 Qb7 33. g3 Nf6 34. Bxa4 Rc8 35. Bb5 Rxa3 36. Rxa3 Ra8 37. Ra5 Rxa5 38. bxa5 Qa8 39. a6 Be7 40. a7 1-0

[Event "SUI-ch 111th"]
[Site "Leukerbad"]
[Date "2011.07.12"]
[Round "6"]
[White "Klauser, Markus"]
[Black "Skouvaklis, Alexis"]
[Result "1-0"]
[WhiteElo "2386"]
[BlackElo "2084"]
[PlyCount "62"]
[EventDate "2011.07.07"]
[EventType "swiss"]
[EventRounds "9"]
[EventCountry "SUI"]
[SourceTitle "CBM 143 Extra"]
[Source "ChessBase"]
[SourceDate "2011.08.29"]
[SourceVersion "1"]
[SourceVersionDate "2011.08.29"]
[SourceQuality "1"]

1. e4 c5 2. Nc3 a6 3. Nf3 e6 4. d4 cxd4 5. Nxd4 Bb4 6. Be2 Nf6 7. 0-0 Bxc3 8. bxc3 Nxe4 9. Bd3 Nf6 10. Ba3 d6 11. Nf3 Nc6 12. Re1 0-0 13. Bxd6 Re8 14. c4 g6 15. Bg3 Nh5 16. Bh4 Qa5 17. Qc1 Qc5 18. g4 Nd4 19. Nxd4 Qxd4 20. Re4 Qg7 21. gxh5 f5 22. h6 Qf8 23. Re5 Bd7 24. Qf4 Rac8 25. Rae1 Qf7 26. Bg5 Bc6 27. h4 Qd7 28. h5 gxh5 29. Kh2 Be4 30. Bxe4 fxe4 31. Bf6 Qc6 1-0

[Event "Wch U14"]
[Site "Kemer"]
[Date "2009.11.19"]
[Round "8"]
[White "Skouvaklis, Alexis"]
[Black "Manukyan, Sargis A"]
[Result "0-1"]
[WhiteElo "2050"]
[BlackElo "1949"]
[PlyCount "50"]
[EventDate "2009.11.12"]
[EventType "swiss"]
[EventRounds "11"]
[EventCountry "TUR"]
[SourceTitle "EXT 2010"]
[Source "ChessBase"]
[SourceDate "2010.11.25"]
[SourceVersion "1"]
[SourceVersionDate "2010.11.25"]
[SourceQuality "1"]

1. e4 c5 2. Nf3 d6 3. d4 cxd4 4. Nxd4 Nf6 5. Nc3 g6 6. Be3 Bg7 7. f3 0-0 8. g4 Nc6 9. Qd2 d5 10. g5 Nh5 11. Nxd5 e6 12. Nxc6 bxc6 13. Nb4 Qc7 14. Nd3 Rd8 15. Qf2 Rb8 16. c3 Qa5 17. Qc2 c5 18. Kf2 c4 19. Nc5 Rxb2 20. Qxb2 Bxc3 21. Qc1 Bd2 22. Bxd2 Rxd2+ 23. Ke3 c3 24. Qxd2 cxd2 25. Nb3 Qc3+ 0-1

[Event "Geneve Espoir rap"]
[Site "Geneve"]
[Date "2009.03.28"]
[Round "4"]
[White "Skouvaklis, Alexis"]
[Black "Haussernot, Cecile"]
[Result "1-0"]
[WhiteElo "2018"]
[BlackElo "1995"]
[PlyCount "71"]
[EventDate "2009.03.28"]
[EventType "tourn (rapid)"]
[EventRounds "6"]
[EventCountry "SUI"]
[SourceTitle "EXT 2010"]
[Source "ChessBase"]
[SourceDate "2010.11.25"]
[SourceVersion "1"]
[SourceVersionDate "2010.11.25"]
[SourceQuality "1"]

1. e4 c5 2. Nf3 d6 3. d4 cxd4 4. Nxd4 Nf6 5. Nc3 a6 6. Be3 e5 7. Nb3 Be6 8. f3 Be7 9. Qd2 0-0 10. 0-0-0 Nbd7 11. g4 b5 12. g5 Nh5 13. Nd5 Bxd5 14. exd5 Rc8 15. Na5 Nb8 16. Bh3 Rc7 17. Rhg1 Nf4 18. Bxf4 exf4 19. Qxf4 f6 20. Be6+ Kh8 21. g6 h6 22. Qf5 Ra7 23. Nb3 a5 24. Rg4 Re8 25. Rh4 Bf8 26. Nd4 Qb6 27. Qh3 Rc7 28. Nf5 Qf2 29. c3 b4 30. f4 bxc3 31. bxc3 Rxc3+ 32. Qxc3 Na6 33. Nxh6 gxh6 34. g7+ Bxg7 35. Qc6 Kh7 36. Qxe8 1-0

[Event "Geneve Espoir blitz"]
[Site "Geneve"]
[Date "2009.??.??"]
[Round "?"]
[White "Haussernot, Cecile"]
[Black "Skouvaklis, Alexis"]
[Result "1-0"]
[WhiteElo "1995"]
[BlackElo "2018"]
[PlyCount "36"]
[EventDate "2009.03.29"]
[EventType "tourn (blitz)"]
[EventRounds "6"]
[EventCountry "SUI"]
[SourceTitle "EXT 2010"]
[Source "ChessBase"]
[SourceDate "2010.11.25"]
[SourceVersion "1"]
[SourceVersionDate "2010.11.25"]
[SourceQuality "1"]

1. e4 c5 2. Nf3 d6 3. d4 cxd4 4. Nxd4 Nf6 5. Nc3 a6 6. Bc4 e6 7. Bb3 b5 8. 0-0 Be7 9. f4 0-0 10. a3 Bb7 11. Qe2 Nc6 12. Nxc6 Bxc6 13. f5 e5 14. Bg5 h6 15. Bxf6 Bxf6 16. Bd5 Qb6+ 17. Kh1 Rac8 18. Rad1 Rfd8 1-0

[Event "SUI-ch U12"]
[Site "Winterthur"]
[Date "2007.10.08"]
[Round "7"]
[White "Hasenohr, Benedict"]
[Black "Skouvaklis, Alexis"]
[Result "1-0"]
[WhiteElo "2003"]
[BlackElo "1619"]
[PlyCount "51"]
[EventDate "2007.10.05"]
[EventType "swiss"]
[EventRounds "7"]
[EventCountry "SUI"]
[SourceTitle "EXT 2009"]
[Source "ChessBase"]
[SourceDate "2008.11.26"]
[SourceVersion "1"]
[SourceVersionDate "2008.11.26"]
[SourceQuality "1"]

1. d4 Nf6 2. c4 g6 3. Nc3 Bg7 4. g3 d6 5. Bg2 0-0 6. Nf3 Nbd7 7. 0-0 e5 8. Bg5 h6 9. Bxf6 Bxf6 10. Qd2 Bg7 11. e3 Qe7 12. Qc2 Nf6 13. dxe5 dxe5 14. Rad1 Bd7 15. Rd2 Bc6 16. Nd5 Bxd5 17. cxd5 Ne8 18. Qb3 Nd6 19. Rc1 f5 20. Rdc2 Rac8 21. Nd2 Qd7 22. Nc4 Nxc4 23. Rxc4 b6 24. Rxc7 Rxc7 25. Rxc7 Qd6 26. Rc6 1-0

[Event "SUI-ch U12"]
[Site "Winterthur"]
[Date "2007.10.08"]
[Round "6"]
[White "Maeder, Benjamin"]
[Black "Skouvaklis, Alexis"]
[Result "0-1"]
[WhiteElo "1575"]
[BlackElo "1619"]
[PlyCount "66"]
[EventDate "2007.10.05"]
[EventType "swiss"]
[EventRounds "7"]
[EventCountry "SUI"]
[SourceTitle "EXT 2009"]
[Source "ChessBase"]
[SourceDate "2008.11.26"]
[SourceVersion "1"]
[SourceVersionDate "2008.11.26"]
[SourceQuality "1"]

1. Nf3 Nf6 2. d4 g6 3. c4 Bg7 4. Nc3 d6 5. Bg5 0-0 6. Qd2 Re8 7. h4 Nh5 8. Rg1 Bg4 9. Nh2 Qc8 10. f3 Bd7 11. g4 Nf6 12. h5 Rf8 13. d5 e6 14. dxe6 Bxe6 15. Bxf6 Bxf6 16. g5 Bh8 17. Nd5 Bxd5 18. Qxd5 Nc6 19. Ng4 Bg7 20. Nf6+ Bxf6 21. gxf6 Qe6 22. Qg5 Qe5 23. Qh4 Qxb2 24. Rd1 Qc3+ 25. Rd2 Qe5 26. hxg6 fxg6 27. Rc2 Qxf6 28. Qxf6 Rxf6 29. Bh3 Ne5 30. c5 d5 31. Rg5 Re8 32. Kd1 Nc4 33. e4 Ne3+ 0-1

[Event "SUI-ch U12"]
[Site "Winterthur"]
[Date "2007.10.05"]
[Round "1"]
[White "Skouvaklis, Alexis"]
[Black "Rindlisbacher, Lars"]
[Result "1/2-1/2"]
[WhiteElo "1619"]
[BlackElo "1969"]
[PlyCount "60"]
[EventDate "2007.10.05"]
[EventType "swiss"]
[EventRounds "7"]
[EventCountry "SUI"]
[SourceTitle "EXT 2009"]
[Source "ChessBase"]
[SourceDate "2008.11.26"]
[SourceVersion "1"]
[SourceVersionDate "2008.11.26"]
[SourceQuality "1"]

1. e4 e5 2. Nf3 Nc6 3. d4 exd4 4. Nxd4 Nf6 5. Nc3 Bb4 6. Nxc6 bxc6 7. Bd3 d5 8. exd5 cxd5 9. 0-0 0-0 10. Bg5 c6 11. Ne2 Bd6 12. Ng3 Rb8 13. Rb1 h6 14. Bd2 Ng4 15. h3 Bxg3 16. fxg3 Qb6+ 17. Kh1 Nf2+ 18. Rxf2 Qxf2 19. Bf4 Rb7 20. Qh5 Re7 21. Kh2 Re6 22. Rf1 Qd4 23. Bc1 Rf6 24. Rxf6 Qxf6 25. Qf3 Qe5 26. Qf2 Re8 27. Qxa7 g5 28. Qa4 Qe1 29. Qxc6 Rf8 30. Qxh6 f5 1/2-1/2